000 01004nam a22002657a 4500
999 _c42689
_d42689
001 13744
003 CO-MdFUSB
005 20190202100316.0
008 170811t1995 s ||||| |||| 00| 0 s d
020 _a84-8169-033-3
040 _aCO-MdFUSB
_bspa
_cCO-MdFUSB
_dCO-MdFUSBC
_erda
041 0 _aspa
082 0 4 _aG 221.95 S567d
100 1 _aSicre Díaz, José Luis (1940-)
_eautor
245 3 _aDe David al Mesías
_c/ José Luis Sicre
264 4 _aEstella :
_bVerbo Divino,
_c©1995
300 _a443 Pág.
336 _2rdacontent
_a1
_ba1
337 _2rdamedia
_a2
_b5
338 _2rdacarrier
_a2
_b5
505 0 0 _a- Los libros históricos - Los Salmos - Los Profetas: Isaías, Jeremías, Ezequiel, El libro de los Doce Profetas y Daniel - Apócrifos y Qumrán: Libro de los Vigilantes, El libros de los Jubileos - Oráculos Sibilinos III - Testamento de los Doce Patriarcas - Libros de las Parábolas
650 0 _aBiblia
_916
653 _aBiblia - Historia sagrada - Israel
942 _cBK